000
00323nam a2200145Ia 4500
008
150201s2012 xx 000 0 und d
082
_a
610.7365
_b
M12P
100
_a
PAL , G.P.
245
_a
MEDICAL GENETICS
250
_a
2ND
260
_b
AITBS
_a
DELHI
_c
2012
300
_a
207
650
_a
ANATOMY
942
_2
ddc
_c
BK
_0
6
999
_c
1943
_d
1943